| 000 | 01032nam2a22002411 4500 | ||
|---|---|---|---|
| 001 | RU\NLR\INFOCOMM19\1000086464 | ||
| 005 | 20250617142005.0 | ||
| 035 | _a(NLR Aleph) 002657660 | ||
| 090 |
_a3928044 _c3928044 |
||
| 100 | _a20040617d2000 |||y0rusy50 ca | ||
| 101 | 0 | _arus | |
| 102 | _aRU | ||
| 105 | _ay ||||||||| | ||
| 200 | 1 | _aПроблемы интеграции и социализации | |
| 210 |
_d2000 _aБ. м. |
||
| 461 | 0 |
_1001RU\NLR\INFOCOMM19\1000086461 _12001#$aОсобый ребенок$eИсслед. и опыт помощи$eНауч.-практ. сб.$fЦентр. лечеб. педагогики$vВып.3 _93928022 _cМ. _d1999- _fЦентр. лечеб. педагогики _nЦентр лечеб. педагогики _oИсслед. и опыт помощи : Науч.-практ. сб. _tОсобый ребенок _x1560-5809 _vВып.3 |
|
| 801 | 1 |
_aRU _bInfoComm _c20040617 |
|
| 801 | 0 |
_aRU _bNLR _gPSBO |
|
| 852 |
_aNLR _jП28/1781 |
||
| 942 | _cISSUE | ||
| 980 | _aNB | ||
| 980 | _aRUSPER | ||